000 01912cam a2200301 a 4500
999 _c3140
_d3140
001 12118516
003 OSt
005 20191128112407.0
008 000725s1999 qucb b 001 0 eng d
010 _a 00340829
020 _a0773517774 (acid-free paper)
040 _aNLC
_beng
_cNLC
_dIUP
_dDGU
_dUMC
_dTWU
_dDLC
042 _alccopycat
043 _afb-----
050 0 0 _aDT352.8
_b.C49 1999
082 0 0 _a960.3 CIV 1999
_221
100 _aEdited by Taisier, M. Ali; Robert O. Matthews
_913099
245 0 0 _aCivil Wars in Africa:
_broots and resolution
260 _aMontreal ;
_aIthaca [N.Y.] :
_bMcGill-Queen's University Press,
_c1999.
300 _axii, 322 p. :
_bmaps ;
_c24 cm.
504 _aIncludes bibliographical references and index.
505 0 _aManaging political change: Uganda under Museveni / John Kiyaga-Nsubuga -- Liberation politics in Ethiopia and Eritrea / John Prendergast and Mark Duffield -- Civil war, the peace process, and genocide in Rwanda / Bruce D. Jones -- The civil war in Liberia / Elwood Dunn -- Inside from the outside? The roots and resolution of Mozambique's un/civil war / John S. Saul -- Somali civil wars / Hussein M. Adam -- Civil war and failed peace efforts in Sudan / Taisier M. Ali and Robert O. Matthews -- Leadership, participation and conflict management: Zimbabwe and Tanzania / Hevina S. Dashwood and Cranford Pratt -- Redefining "security" after the Cold War: the OAU, the UN, and conflict management in Africa / James Busumtwi-Sam -- Conclusion: conflict, resolution, and building peace / Taisier M. Ali and Robert O. Matthews.
650 0 _aPolitical violence
_96991
650 0 _aConflict management
_96992
906 _a7
_bcbc
_ccopycat
_d3
_encip
_f20
_gy-gencatlg
942 _2ddc
_cSLOAN